Come together, Beatles lyrics - Statistics

General Stats
  • This quiz has been taken 1,208 times
  • The average score is 113 of 164
Answer Stats
Hint Answer % Correct
come
99%
to
96%
he
94%
no
91%
together
91%
me
90%
a
88%
got
88%
right
88%
now
87%
over
87%
be
84%
i
82%
do
81%
his
78%
you
77%
down
74%
one
72%
slowly
72%
knees
71%
up
71%
here
69%
hair
67%
please
67%
flattop
66%
is
66%
what
66%
just
65%
groovin
64%
old
64%
joker
62%
can
60%
eyeball
60%
roller
57%
so
56%
free
55%
and
54%
cocacola
54%
know
54%
good
53%
holy
51%
shoot
51%
looking
50%
hard
49%
see
48%
thing
48%
below
46%
hes
46%
say
46%
three
46%
cause
45%
feet
45%
football
45%
tell
45%
disease
44%
in
44%
feel
43%
finger
41%
shoeshine
41%
toe
41%
jam
39%
wear
38%
hold
35%
joo-joo
35%
monkey
33%
spinal
33%
cracker
32%
armchair
30%
production
28%
walrus
28%
yeah
28%
coaster
23%
gumboot
23%
ono
23%
bag
19%
filter
19%
mojo
18%
early
17%
muddy
17%
water
17%
warning
14%
sideboards
4%
uh
2%
No matching quizzes found
Score Distribution
Percent of People with Each Score
Percentile by Number Answered
Your Score History
You have not taken this quiz